2025-26 Bundesliga Captains - Statistics

General Stats
  • This quiz has been taken 12 times
  • The average score is 12 of 18
Answer Stats
Club Captain % Correct
RB Leipzig David Raum
100%
Borussia Dortmund Emre Can
100%
Bayern Munich Manuel Neuer
100%
Bayer Leverkusen Robert Andrich
100%
Freiburg Christian Gunter
88%
Eintracht Frankfurt Robin Koch
75%
Stuttgart Atakan Karazor
63%
Union Berlin Christopher Trimmel
63%
St Pauli Jackson Irvine
63%
Wolfsburg Maximilian Arnold
63%
Hoffenheim Oliver Baumann
63%
Borussia Mönchengladbach Tim Kleindienst
63%
Hamburger SV Yussuf Poulsen
63%
Köln Marvin Schwabe
50%
Werder Bremen Marco Friedl
38%
Heidenheim Patrick Mainka
38%
Mainz 05 Silvan Widmer
38%
Augsburg Jeffrey Gouweleeuw
25%
No matching quizzes found
Score Distribution
Percent of People with Each Score
Percentile by Number Answered
Your Score History
You have not taken this quiz